Players With the Most Champions Leagues - Statistics

General Stats
  • This quiz has been taken 87 times
    74 since last reset
  • The average score is 12 of 25
Answer Stats
Hint Answer % Correct
5 Cristiano Ronaldo
98%
5 Luka Modric
95%
4 Lionel Messi
94%
5 Toni Kroos
94%
5 Karim Benzema
90%
4 Sergio Ramos
87%
5 Dani Carvajal
79%
5 Gareth Bale
76%
5 Casemiro
74%
5 Marcelo
68%
5 Paolo Maldini
65%
5 Alfredo Di Stefano
56%
5 Isco
56%
4 Clarence Seedorf
45%
3 Ferenc Puskas
39%
6 Francisco Gento
32%
3 Johan Cruyff
26%
3 Franz Beckenbauer
15%
5 Allesandro Costacurta
11%
5 Juan Alonso
11%
3 Iker Casillas
3%
5 Hector Rial
2%
5 Jose Maria Zarraga
2%
5 Marquitos
2%
5 Rafael Lesmes
2%
No matching quizzes found
Score Distribution
Percent of People with Each Score
Percentile by Number Answered
Your Score History
You have not taken this quiz since the last reset